| 000 | 01137cam a2200301 a 4500 | ||
|---|---|---|---|
| 001 | 2570 | ||
| 005 | 20240103093503.0 | ||
| 020 | _a0684813424 | ||
| 020 | _a9780571258154 | ||
| 040 |
_aDLC _cDLC _dDLC _dOCoLC _beng |
||
| 050 | 0 | 0 |
_aPR6061.U68 _bB77 1995 |
| 082 | 0 | 0 |
_a823/.914 _220 |
| 100 | 1 | _aKureishi, Hanif | |
| 245 | 1 | 4 |
_aThe black album / _cby Hanif Kureishi |
| 250 | _aThis paperback edition first published in 2010 | ||
| 260 |
_aLondon : _bFaber and Faber Limited, _c1995 |
||
| 300 |
_a287 pages : _c23 cm |
||
| 505 | _aU | ||
| 520 | _aSet in London in 1989, the year of the fatwah and the fall of the Berlin Wall, this is a thriller with a background of raves, ecstasy, religious ferment and sexual passion. By the author of The Buddha of Suburbia and Sammy and Rosie Get Laid. | ||
| 521 |
_a900 _bLexile estimate |
||
| 521 |
_aU _bRaz-Plus |
||
| 650 | 0 |
_aMuslim students _zEngland _zLondon _xFiction. |
|
| 650 | 0 |
_aCollege students _zEngland _zLondon _xFiction. |
|
| 655 | 7 |
_aLove stories. _2gsafd |
|
| 655 | 7 |
_aBlack humor (Literature) _2gsafd |
|
| 906 |
_a7 _bcbc _corignew _d1 _eocip _f19 _gy-gencatlg |
||
| 942 |
_2ddc _cBK _n0 |
||
| 999 |
_c2570 _d2570 |
||